Business finance : (Record no. 126937)

MARC details
000 -LEADER
fixed length control field 00743nam a22002417a 4500
005 - DATE AND TIME OF LATEST TRANSACTION
control field 20170124110017.0
010 ## - LIBRARY OF CONGRESS CONTROL NUMBER
LC control number A-852839
020 ## - INTERNATIONAL STANDARD BOOK NUMBER
Terms of availability 00.00
035 ## - SYSTEM CONTROL NUMBER
System control number A-852839
037 ## - SOURCE OF ACQUISITION
Source of stock number/acquisition Cen Lib/Ret
040 ## - CATALOGING SOURCE
Original cataloging agency DPL
Language of cataloging EN
082 ## - DEWEY DECIMAL CLASSIFICATION NUMBER
Classification number 332
Item number SRI
100 ## - MAIN ENTRY--PERSONAL NAME
Personal name Srivastava, R.M.
9 (RLIN) 18910
245 ## - TITLE STATEMENT
Title Business finance :
Statement of responsibility, etc by R.M. Srivastava, P.N. Reddy [and] H.R. Appanniah
Remainder of title for bbm and bba students /
260 ## - PUBLICATION, DISTRIBUTION, ETC. (IMPRINT)
Place of publication, distribution, etc Bombay
Name of publisher, distributor, etc Himalaya Publishing House
Date of publication, distribution, etc 1996
270 ## - ADDRESS
Address Dr. bhalerao marg, girgaon
City Bombay
Postal code 40004
300 ## - PHYSICAL DESCRIPTION
Extent 396p.
Dimensions 21cm(Hb)
650 ## - SUBJECT ADDED ENTRY--TOPICAL TERM
Topical term or geographic name as entry element Business
9 (RLIN) 8513
650 ## - SUBJECT ADDED ENTRY--TOPICAL TERM
Topical term or geographic name as entry element Fanancial system
9 (RLIN) 18911
700 ## - ADDED ENTRY--PERSONAL NAME
Personal name Reddy, P.N.
9 (RLIN) 13356
700 ## - ADDED ENTRY--PERSONAL NAME
Personal name Appanniah, H.R.
9 (RLIN) 18912
942 ## - ADDED ENTRY ELEMENTS (KOHA)
Source of classification or shelving scheme Dewey Decimal Classification
Koha item type English Books
Classification part 332
Call number suffix SRI
Holdings
Withdrawn status Lost status Damaged status Not for loan Home library Current library Date acquired Source of acquisition Cost, normal purchase price Total Checkouts Full call number Barcode Date last seen Copy number Cost, replacement price Price effective from Koha item type Public note
Written off       Central Library Central Library 26/06/2015 Cen Lib/Ret 0.00   332 SRI A-852839 26/06/2015 1 0.00 26/06/2015 English Books Written off on approval by DLB (By Circulation); dtd 15-06-2023

© Delhi Public Library
Hit Counter
free hit counter